000 00209nam a2200085Ia 4500
008 120527s9999 xx 000 0 und d
100 _aHUTCHINSON,E.S.
245 _aSystem 7.0/7.1 for the macintosh.
942 _cBK
999 _c23981
_d23981